Cartoonfiguren mit O - Statistiken

Allgemein
  • Dieses Quiz wurde 63 mal gespielt
  • Das Durchschnittsergebnis liegt bei 6 aus 12
Antwortstatistiken
Bildquiz Antwort % Korrekt
Obelix
100%
Ottifant
88%
Olaf
86%
Oggy
59%
Ohnezahn
55%
Optimus Prime
55%
Olivia
45%
Odie
21%
Oliver
21%
Orochimaru
14%
Ochako Uraraka
7%
Oswald
5%
Keine übereinstimmenden Quizze gefunden
Verteilung der Resultate
Anzahl Personen mit jedem Resultat
Perzentil nach korrekt beantworteten Fragen
Ihre Resultats-Entwicklung
Sie haben dieses Quiz noch nicht gespielt